Taylor Swift Songs Beginning With "H" - Statistics

General Stats
  • This quiz has been taken 87 times
    63 since last reset
  • The average score is 6 of 9
Answer Stats
Songs % Correct
How You Get The Girl
79%
Haunted
71%
happiness
68%
hoax
66%
Hey Stephen
63%
Holy Ground
63%
How Did It End?
55%
Hits Different
45%
High Infidelity
42%
No matching quizzes found
Score Distribution
Percent of People with Each Score
Percentile by Number Answered
Your Score History
You have not taken this quiz since the last reset